[Event "Belgrade Investbank"]
[Site "Belgrade"]
[Date "1997.11.19"]
[Round "7"]
[White "Ljubojevic, Ljubomir"]
[Black "Anand, Viswanathan"]
[Result "0-1"]
[WhiteElo "2565"]
[BlackElo "2765"]
[Annotator "Huzman,A"]
[PlyCount "62"]
[EventDate "1997.11.11"]
[EventType "tourn"]
[EventRounds "9"]
[EventCountry "YUG"]
[EventCategory "18"]
[SourceTitle "CBM 062"]
[Source "ChessBase"]
[SourceDate "1998.01.31"]
[SourceVersion "1"]
[SourceVersionDate "1998.01.31"]
[SourceQuality "1"]

1. Nf3 {Ftacnik} d5 2. d4 Nf6 3. c4 dxc4 4. Qa4+ c6 5. Qxc4 Bf5 6. g3 e6 7. Bg2
Nbd7 8. O-O Be7 9. Rd1 O-O 10. Nh4 $6 (10. e3 Qb6 11. Nc3 Ne4 12. Ne1 Nxc3 13.
bxc3 e5 14. e4 Bg4 15. Nf3 Qa5 16. h3 Be6 17. Qd3 f5 18. Ng5 Bxg5 19. Bxg5 exd4
20. Be7 Rf7 21. Bb4 Qb6 22. Rab1 fxe4 23. Bxe4 dxc3 24. Qe2 c2 25. Bxc2 Bd5 26.
Bd6 Qa5 27. Rxb7 Bf3 28. Qe6 Bxd1 29. Bxd1 Qd2 30. Be2 Qe1+ 31. Kg2 Qxf2+ 32.
Kh1 {1/2-1/2 Simic,R-Adamski,J/Smederevska Palanka 1984/MCD-r8}) (10. Bg5 h6
11. Bxf6 Bxf6 12. Nbd2 e5 13. dxe5 Nxe5 14. Qf4 Nxf3+ 15. Nxf3 Qc8 16. e4 Bg4
17. e5 Be7 18. Qe4 Qf5 19. Qxf5 Bxf5 20. Nd4 Bg4 21. f3 Bc8 22. Rac1 Rd8 23.
Kf2 Be6 24. a3 Bd5 {Azmaiparashvili,Z-Gorelov,S/URS-chI 1985/MCD-ch/1/2-1/2 
(42)}) (10. Nc3 $2 Bc2 $1 $19 11. e3 Bxd1 12. Nxd1 c5 13. Qe2 Rc8 14. Nc3 a6
15. Ne5 Qb6 16. Nxd7 Nxd7 17. d5 Bf6 18. Bd2 Bxc3 19. Bxc3 exd5 20. Bxd5 Nf6
21. Bg2 Rcd8 22. Qc4 Rd7 23. a4 Rfd8 24. Bf3 Nd5 25. a5 Qc7 26. Rc1 Nxc3 27.
Qxc3 b5 28. axb6 Qxb6 29. Rc2 Rc7 30. Be2 a5 31. b3 Qb4 32. Qxb4 axb4 33. Ra2
g6 34. Kf1 Rdd7 35. Bb5 Ra7 36. Rc2 Rd1+ 37. Kg2 Rb1 38. Bc4 Raa1 39. h4 Kg7
40. e4 Rc1 41. Rd2 Rxc4 {0-1 Csom,I-Lukacs,P/HUN-ch 1979/MCD-ch}) 10... Be4 11.
Bxe4 (11. f3 {Ftacnik} Nb6 12. Qb3 Bxb1 13. Rxb1 Nfd7 $17) 11... Nxe4 12. Qc2 (
12. Nf3 Qa5 13. Nc3 Nb6 $11 {/=/+}) (12. Ng2 {Ftacnik} Ndf6 13. Qb3 Qb6 $11)
12... Nef6 (12... Bxh4 13. Qxe4 Bf6 14. Nc3 Qb6 $11 {[%csl Rd4] /=/+}) 13. Nc3
(13. e4 {Ftacnik} Qb6 14. Nf3 Rfd8 $11) 13... c5 14. d5 $6 {Ftacnik:
Ljubojevic enters the sea of combinations in the unfortunate moment, the
position was about equal. Ftacnik: Ljubojevic beginnt eine Kombination in
einem unglücklichen Moment. Die Stellung war zuvor etwa ausgeglichen.} (14. Nf3
Rc8 15. Bg5 $11) 14... Nxd5 $1 15. Nxd5 (15. Nf5 Nxc3 16. bxc3 Qe8 $17 {
White have no compensation for sacrifised pawn.}) 15... Bxh4 16. Nc3 (16. gxh4
exd5 17. Rxd5 (17. Bg5 {Ftacnik} f6 18. Bf4 Nb6 19. Qxc5 Qd7 $15) 17... Qxh4
18. Qf5 Nb6 19. Rxc5 Qb4 $1 {[%cal Yb4e1,Yb4b2]} (19... Rac8 20. Be3 $14 {
[%csl Rb6]}) 20. Rc3 (20. Kg2 Rac8 $32 (20... Qe1 $5)) 20... Rad8 $17 {[%csl
Rg1][%cal Yd8d1]}) 16... Bf6 17. Qa4 $2 (17. Bf4 $5 e5 18. Be3 $44 {[%csl Rd5]
[%cal Gd1d8,Gc3e4,Gc3d5]} Qc8 19. Rd5 b6 20. Ne4 {[%csl Rd7]}) (17. Ne4 $5 Qe7
18. Bf4 e5 19. Be3 {[%cal Gd1d6] with some compensation for sacrifised pawn.})
17... Bd4 $1 (17... Bxc3 18. Rxd7 Qe8 (18... Qa5 19. Qxa5 Bxa5 20. Rxb7 Rfb8
$14 {/=}) 19. Bg5 (19. Qd1 Bf6 20. Rxb7 Qc6 $17) 19... Bxb2 (19... b5 20. Qxb5
Rb8 21. Qc6 Rxb2 22. Rad1 $44) (19... Bd4 20. Be7 a6 21. Bxf8 b5 22. Qc2 Qxd7
23. Bxc5 $11) 20. Rad1 $1 (20. Rb1 b5 21. Qxb5 Rb8 22. Qd3 c4 $17) 20... f6 $1
(20... Bd4 21. Be7 a6 22. Bxf8 b5 23. Qc2 Qxd7 (23... Qxf8 24. Qe4 $16) (23...
Kxf8 24. Rc7 $16 {[%cal Gc2h7,Ge2e3]}) 24. Bxc5 Rc8 25. e3 $18) 21. Be3 b6 22.
Qe4 {with some compensation.}) 18. e3 Bxc3 19. Rxd7 (19. bxc3 Nb6 $17) 19...
Qe8 20. Qd1 (20. bxc3 Rd8 $19) 20... Bf6 21. Rxb7 Qc6 $1 $17 {Weakened
position of white king,the black control the file "d" and the problem of
development of white pieces.} 22. Rb3 (22. Qd7 $2 {Ftacnik} Qf3 $1 23. Rxa7
Rad8 $19) 22... c4 23. Ra3 Rfd8 24. Qe2 Qe4 {[%cal Yd8d5,Ya8d8] Ftacnik: The
position is clearly critical for white, he lacks the chance to finish the
development of his pieces. Ftacnik: Diese Stellung ist ziemlich kritisch für
Weiß. Er kann nicht darauf hoffen, seine Figurenentwicklung beenden zu können.}
25. f3 (25. Ra4 {Ftacnik} Rd3 $17) 25... Qd5 {[%cal Yd5d1]} 26. Kf2 (26. Kg2 {
Ftacnik} a6 (26... Qb5 27. Rb3 Qc5 28. Qc2 Rac8 $17) 27. e4 Qb5 $17) 26... Qb5
$1 {[%cal Yd8d3,Yb5b2,Yf6b2]} (26... Qd1 $5 $17) 27. Rb1 (27. Rb3 $2 {Ftacnik}
Qh5 $19) 27... Rd3 28. Qc2 Rad8 {[%cal Yd3d1]} (28... Rxa3 {Ftacnik} 29. bxa3
Qc6 $17) 29. Ra4 (29. Rxa7 {Ftacnik} Qf5 30. Rc7 (30. Qxc4 Qh3 $19) 30... Qh3
31. Ke1 Qh5 $1 (31... Rd1+ 32. Qxd1 Rxd1+ 33. Kxd1 Qf1+ 34. Kd2 h5 $17) 32. Qe2
Qa5+ $19) 29... Qf5 $1 $19 {[%cal Yf5h3,Yd3d2,Yf5b1]} 30. Rxc4 (30. Qe2 {
Ftacnik} Rd1 31. Ra1 Qh3 $19) 30... Qh3 31. Ke1 (31. Rc8 {Ftacnik} Qxh2+ 32.
Ke1 Rd1+ 33. Qxd1 Qg1+ $19) 31... Rd1+ (31... Rd1+ 32. Qxd1 Rxd1+ 33. Kxd1 Qf1+
$19 (33... Qf1+ {Ftacnik} 34. Kd2 Qxc4 $19)) 0-1

[Event "Belgrade Investbank"]
[Site "Belgrade"]
[Date "1997.11.16"]
[Round "5"]
[White "Ljubojevic, Ljubomir"]
[Black "Ivanchuk, Vassily"]
[Result "1/2-1/2"]
[WhiteElo "2565"]
[BlackElo "2725"]
[Annotator "Huzman,A"]
[PlyCount "39"]
[EventDate "1997.11.11"]
[EventType "tourn"]
[EventRounds "9"]
[EventCountry "YUG"]
[EventCategory "18"]
[SourceTitle "CBM 062"]
[Source "ChessBase"]
[SourceDate "1998.01.31"]
[SourceVersion "1"]
[SourceVersionDate "1998.01.31"]
[SourceQuality "1"]

1. Nf3 d5 2. d4 Nf6 3. c4 dxc4 4. Qa4+ Nc6 5. Qxc4 Bg4 6. Ne5 (6. e3 e6 7. Nc3
Bd6 8. h3 Bh5 9. Be2 O-O 10. O-O a6 (10... Qe7 11. a3 e5 12. b4 exd4 13. exd4
Rad8 14. Be3 Rfe8 15. Rad1 a5 16. bxa5 Ra8 17. Qb5 Rxa5 18. Qxb7 Nd8 19. Qb2
Rxa3 20. Rfe1 c6 21. Ne5 Bxe2 22. Rxe2 Bb4 23. Nb1 Ra8 24. Bg5 h6 25. Bh4 {
Gretarsson,H-Dos Santos,R/WchJM-U20 1994/EXT 94ch2/1-0 (45)}) 11. Bd2 Qe8 12.
Rac1 e5 13. dxe5 b5 14. Nxb5 Bxf3 15. Nxd6 cxd6 16. Bxf3 Nxe5 17. Qe2 Rb8 18.
b3 Qe6 19. Bc3 Nxf3+ 20. Qxf3 Ne4 {Pachman,L-Van der Sterren,P/Lone Pine op
1979/MCL 03/1-0 (34)}) (6. Nbd2 Qd5 7. Qxd5 Nxd5 8. a3 e6 9. e3 Bd6 10. Bd3
O-O-O 11. h3 Bxf3 12. Nxf3 Nf6 13. e4 Bc5 14. e5 Ng8 15. Bxh7 Nxd4 16. Nxd4
Bxd4 17. Bxg8 Rdxg8 18. f4 f6 19. Rb1 fxe5 20. Ke2 Rf8 {Gerstl,M-Young,R/
Summer Futurity 1991/EXT 91b/0-1 (44)}) 6... Be6 (6... Nxe5 7. dxe5 Be6 8. Qb5+
Nd7 9. Qxb7 Nxe5 10. Nc3 $14 {[%csl Ra7,Rc7]}) 7. Nxc6 (7. Qb5 Bd5 $1 (7... a6
8. Qxb7 Nxd4 9. Na3) 8. Nc3 a6 9. Qa4 b5 $36) 7... Bxc4 8. Nxd8 Rxd8 9. b3 (9.
e3 Bxf1 10. Rxf1 e6 (10... e5 11. dxe5 Ng4 12. Ke2 (12. f4 Nxh2 13. Rh1 Ng4 14.
Ke2 $13)) 11. Ke2 c5 12. dxc5 Bxc5 13. Nc3 $11) 9... Ba6 10. Bb2 e5 (10... e6
11. e3 Bxf1 12. Rxf1 $11) 11. dxe5 Bb4+ (11... Ng4 $5 12. Bc3 $5 (12. e3 Bb4+
13. Bc3 Bxf1 14. Rxf1 Bxc3+ 15. Nxc3 Nxh2 16. Rh1 Ng4 17. Rh5 h6 18. Nb5 $15 {
/=}) 12... Bc5 (12... Rd1+ $2 13. Kxd1 Nxf2+ 14. Ke1 Nxh1 15. e3 $18 {[%csl
Rh1]}) 13. e3 Bxf1 14. Rxf1 Nxh2 15. Rh1 Ng4 16. Ke2 $11) 12. Bc3 Nd5 (12...
Bxc3+ 13. Nxc3 Ng4 14. f4 g5 15. fxg5 Nxe5 (15... h6 $5 $44) 16. e4 Nd3+ 17.
Bxd3 Rxd3 18. Nd5 $14) 13. Bd2 (13. Bxb4 Nxb4 14. Na3 O-O {>~/=}) 13... Bxd2+ (
13... O-O 14. a3 Bxd2+ 15. Nxd2 Rfe8 16. Nf3 Nf4 17. Rc1 c6 $44 {[%csl Re5]
[%cal Yf4g6]}) 14. Nxd2 Nb4 15. Kd1 (15. Rc1 Nxa2 16. Rxc7 O-O $32 {[%cal
Yd8c8]}) 15... O-O 16. a3 Nc6 17. e3 $11 Bxf1 18. Rxf1 Nxe5 19. Ke2 f5 20. Rfd1
1/2-1/2

[Event "Moscow Aeroflot op-A"]
[Site "Moscow"]
[Date "2005.02.17"]
[Round "3"]
[White "Vaganian, Rafael A"]
[Black "Kulaots, Kaido"]
[Result "1-0"]
[WhiteElo "2670"]
[BlackElo "2576"]
[Annotator "Huzman,A"]
[PlyCount "135"]
[EventDate "2005.02.15"]
[EventType "swiss"]
[EventRounds "9"]
[EventCountry "RUS"]
[SourceTitle "CBM 106"]
[Source "ChessBase"]
[SourceDate "2005.06.06"]
[SourceVersion "1"]
[SourceVersionDate "2005.06.06"]
[SourceQuality "1"]

1. Nf3 Nf6 2. d4 d5 3. c4 c6 4. Qb3 dxc4 5. Qxc4 Bg4 6. Nbd2 e6 7. g3 (7. Ne5
Bf5 8. f3 Nfd7 9. e4 Bg6 10. Qc3 Qc7 11. Be2 a5 12. Nd3 $14 {1/2-1/2 Von
Kiedrowski,K-Meyer Cording,C/Hessen 1992/GER (47)}) (7. h3 Bh5 8. g4 Bg6 9. Ne5
Nbd7 10. Nxg6 hxg6 11. Bg2 Be7 12. O-O e5 13. dxe5 Nxe5 14. Qc3 Qc7 $11 {
0-1 Piven,I-Steiner,B/Budapest 1994/EXT 97 (42)}) (7. Qb3 Qb6 8. Ne5 Bh5 9.
Nec4 Qxb3 10. Nxb3 Bb4+ 11. Bd2 Na6 12. f3 O-O-O 13. e4 $14 {1-0 Atalik,
S-Khachiyan,M/Burbank USA 2005/The Week in Chess 543 (29)}) 7... Nbd7 (7... Be7
8. Bg2 Qd5 9. O-O O-O 10. b3 Nbd7 11. Bb2 Qh5 12. Rfe1 Bh3 13. Bh1 Nd5 14. e4
$14 {1-0 Moutousis,K-Ornithopoulos,N/Ano Liosia 1992/EXT 2003 (40)}) (7... Qa5
8. Bg2 Nbd7 9. O-O (9. h3 Bxf3 10. Bxf3 Be7 11. O-O O-O 12. Qc2 e5 13. Nc4 Qc7
14. dxe5 Nxe5 15. Nxe5 Qxe5 16. Bf4 Qe6 17. Bg2 Bd6 $11 {1/2-1/2 Drozdovskij,
Y-Belov,V/Internet 2004/CBM 104 ext (45)}) 9... Be7 10. Qb3 Qb6 11. a4 Qxb3 12.
Nxb3 a5 13. Re1 Bxf3 14. Bxf3 Bb4 15. Rd1 O-O 16. Bd2 Bxd2 17. Rxd2 {1/2-1/2
Dreev,A-Morozevich,A/Tallinn 2003/CBM 93 (17)}) 8. Bg2 Be7 (8... Qa5 $5) 9. O-O
O-O 10. Ne5 Bh5 11. Nxd7 Nxd7 (11... Qxd7 12. Nb3 Rfd8 13. e4 a5 14. Be3 Ng4
15. Nc5 Qc7 16. e5 Nxe3 17. fxe3 $14 {/=}) 12. Nb3 Qb6 13. e4 a5 14. Be3 a4 15.
Nd2 Qa5 (15... a3 $5 16. b3 (16. bxa3 Rxa3 17. Rfb1 Qa7 $132) (16. d5 Bc5 17.
Bxc5 Nxc5 18. b4 Na6 19. dxe6 Qxb4 $132) 16... Rfd8 17. Rac1 $14) 16. a3 (16.
Qc2 $5) 16... e5 $11 (16... Rfd8 $5) 17. Qc2 $1 {[%cal Gd2c4]} (17. d5 cxd5 18.
exd5 Rfc8 $15) 17... Rfd8 18. Nc4 Qb5 19. Rfc1 $6 {[%csl Rb5][%cal Gg2f1,Gf1b5]
} (19. Nxe5 Nxe5 20. dxe5 Qxe5 21. f4 Qe6 22. h3 f6 $11) (19. Rac1 exd4 20.
Bxd4 Nc5 21. Bxc5 Qxc5 22. Ne3 Qb5 $15 {[%cal Yh5e2]}) 19... exd4 20. Bxd4 Nc5
$15 21. Bxc5 Qxc5 (21... Bxc5 $5 22. Rab1 {[%cal Gb2b3]} Qa6 23. b4 axb3 24.
Rxb3 Bg4 $17 {[%cal Yg4e6]}) 22. Ne3 Qxc2 (22... Qe5 $5 23. h3 Bg6 24. Rd1 Bc5
$15) 23. Rxc2 Bf6 (23... Rd3 24. Re1 Rad8 $15) 24. Rb1 Bd4 25. g4 Bxe3 (25...
Bg6 26. Nf5 $15) 26. gxh5 Bd4 (26... Bf4 $1 {[%cal Ya8a5,Ya5h5]} 27. b3 axb3
28. Rxb3 Rd1+ 29. Bf1 Ra7 $15) 27. b3 axb3 28. Rxb3 Rd7 29. Kf1 Kf8 $1 {
[%cal Yf8e7,Ye7d8,Yd8c7]} 30. f4 Ke7 31. Ke2 Ra5 32. Bf3 Kd8 33. Bg4 Re7 34.
Kd3 Ba7 (34... c5 $1 {[%cal Yb7b5]} 35. e5 b5 36. Ke4 $132) 35. Rc4 $1 Kc7 36.
a4 $11 Bc5 37. e5 Re8 38. Ke4 Rea8 39. Rd3 $1 $132 Rxa4 $6 (39... Rd8 40. h6
Rxd3 41. Kxd3 g6 42. h4 Bf8 43. Rd4 Rd5 $11) 40. Rd7+ Kb6 41. Rxa4 Rxa4+ 42.
Kf3 Ra3+ 43. Kg2 Ra2+ 44. Kg3 Ra3+ 45. Bf3 $16 f6 46. exf6 $1 gxf6 47. Rxh7 f5
(47... Ra8 48. h6 Rg8+ 49. Rg7 Rh8 50. h7 Bd4 51. Rd7 Ba1 52. Kg4 $18) 48. h6
Re3 49. Rd7 $1 Re6 50. h7 Rh6 51. Be2 {[%cal Ge2d3,Gd3f5]} Bb4 52. Bd3 Be1+ 53.
Kg2 Bc3 54. Bxf5 Ka6 55. Rd3 Bb2 56. Kg3 c5 57. h4 $18 {[%cal Gg3g5]} c4 58.
Rd8 b5 59. Kg4 b4 60. Kg5 Rc6 61. h8=Q Bxh8 62. Rxh8 b3 63. Rb8 Rc5 64. Kg4 (
64. h5 c3 65. Rxb3 c2 66. Ra3+ Kb5 67. Ra1 c1=Q 68. Rxc1 Rxc1 69. h6 Rh1 (69...
Rg1+ 70. Kf6 Rh1 71. h7 Kc5 72. Kg7 Kd4 73. Bg6 Ke3 74. f5 $18) (69... Ra1 70.
h7 Ra8 71. Be6 Rh8 72. Kg6 $18) 70. h7 Kc5 71. Bg6 $18) 64... Rb5 65. Ra8+ Kb6
66. Rc8 Rc5 67. Rb8+ (67. Rxc5 Kxc5 68. Kf3 c3 69. Ke2 Kb4 70. Kd3 $1 $18)
67... Ka5 68. h5 1-0

[Event "Olympiad-36"]
[Site "Mallorca"]
[Date "2004.10.29"]
[Round "14"]
[White "Markus, Robert"]
[Black "Mannion, Stephen R"]
[Result "1-0"]
[WhiteElo "2555"]
[BlackElo "2357"]
[Annotator "Huzman,A"]
[PlyCount "113"]
[EventDate "2004.10.15"]
[EventType "team-swiss"]
[EventRounds "14"]
[EventCountry "ESP"]
[SourceTitle "CBM 104"]
[Source "ChessBase"]
[SourceDate "2005.01.27"]
[SourceVersion "1"]
[SourceVersionDate "2005.01.27"]
[SourceQuality "1"]
[WhiteTeam "Yugoslavia"]
[BlackTeam "Scotland"]
[WhiteTeamCountry "YUG"]
[BlackTeamCountry "SCO"]

1. d4 d5 2. c4 dxc4 3. Nf3 Nf6 4. Qa4+ Nc6 5. Nc3 Nd5 6. e4 (6. Qxc4 Nb6 7. Qb3
(7. Qd3 e5 8. dxe5 (8. Nxe5 Nb4 (8... Qxd4 9. Nxc6 Qxd3 10. exd3 bxc6 11. Be2
Bf5 12. O-O O-O-O 13. Ne4 Kb7 14. a3 Be7 15. Be3 Nd5 $14 {1/2-1/2 Reshevsky,
S-Portisch,L/Tel Aviv 1964/MCD (22)}) 9. Qb1 (9. Qd1 Qxd4 10. Qxd4 Nc2+ 11. Kd1
Nxd4 12. e3 Ne6 {1/2-1/2 Davies,N-Stempin,P/Polanica Zdroj 1989/EXT 97 (12)})
9... Qxd4 10. Nf3 Qd6 11. e4 Bg4 12. a3 Bxf3 13. gxf3 Nc6 14. Nb5 Qe7 15. Be3
O-O-O 16. Bh3+ Kb8 17. O-O Qh4 $17 {0-1 Conquest,S-Dlugy,M/New York 1984/MCD 
(32)}) (8. e3 exd4 9. Nxd4 Nxd4 10. exd4 Be7 11. Be2 O-O 12. O-O Be6 13. Rd1 c6
14. Bf4 Re8 15. Bf3 Nd5 $15 {0-1 Ritter,M-Dlugy,M/New York 1993/TD (58)}) 8...
Qxd3 9. exd3 Nb4 (9... Bg4 10. Bf4 Bc5 11. Be2 O-O-O 12. d4 Be7 13. O-O-O Bxf3
14. Bxf3 Nxd4 15. Bg4+ Kb8 16. Be3 Ne6 $14 {1-0 Bewersdorff,O-Szymczak,Z/BL2-O
1994/GER-chT2 (52)}) 10. Kd1 Bf5 11. Ne1 O-O-O 12. a3 Nc6 13. f4 Bc5 14. Nf3
Nc4 15. Kc2 Ne3+ 16. Bxe3 Bxe3 17. g3 Bg4 18. Ng5 Nd4+ 19. Kb1 Rhf8 20. Nd1 Bd2
21. Nf2 Bf5 22. Bh3 Bxh3 23. Nfxh3 f6 24. exf6 gxf6 25. Ne4 Ba5 26. b4 Bb6 27.
Ra2 f5 28. Nc3 Rfe8 $44 {0-1 Goormachtigh,J-Velikov,P/Haifa 1989/EU-chT (36)})
7... e5 $146 (7... Be6 8. Qd1 Bg4 9. d5 Nb8 10. Ne5 Bc8 11. e4 $16 {0-1
Pacheco,D-Vasta,E/Mar del Plata op-28 Mar del Plata 1997 (38)}) (7... Bg4 8. d5
Bxf3 9. gxf3 Nd4 10. Qd1 e5 11. e3 Nf5 12. f4 Bb4 13. e4 Nd6 14. Bg2 Qh4 15.
fxe5 Nxe4 16. Qd4 Nxd5 17. Bxe4 Rd8 18. Bd2 O-O 19. Nxd5 Bxd2+ 20. Kxd2 Rxd5
21. Qxd5 Rd8 22. Qxd8+ Qxd8+ 23. Ke3 $18 {1-0 Bukal,V-Hansen,L/Sitges op 1999 
(38)}) 8. dxe5 (8. Nxe5 $5) 8... Be6 9. Qc2 Nd4 10. Qd3 Bc5 11. e3 Nxf3+ 12.
gxf3 Qxd3 13. Bxd3 O-O-O 14. Be2 (14. Bc2 $5) 14... Bb4 15. Bd2 Na4 16. a3 Bxc3
17. Bxc3 Nxc3 18. bxc3 Rd5 19. f4 Rc5 20. Rc1 {1/2-1/2 Ivanchuk,V-Ponomariov,R/
Linares 2002/CBM 88/[Huzman] (20)} (20. Rc1 {Huzman} Ra5 21. Ra1 Rc5 $11)) 6...
Nb6 7. Qd1 Bg4 8. d5 Ne5 9. Qd4 Nxf3+ (9... Ng6 10. Be3 e6 (10... Bxf3 11. gxf3
e5 12. dxe6 fxe6 13. Qxd8+ Rxd8 14. f4 Bb4 15. Bh3 Rf8 16. f5 exf5 17. exf5 Nh4
$17 {0-1 Hellsten,J-Volzhin,A/Gistrup 1996/CBM 55 (36)}) 11. Bxc4 Nxc4 12. Qxc4
exd5 13. exd5 Bxf3 14. Qb5+ $2 c6 15. Qxb7 Bg4 $17 {0-1 Dolezal,M-Mathonia,C/
Luxemburg 1989/EXT 2003 (25)}) 10. gxf3 Bxf3 11. Rg1 Qd6 (11... e6 12. Qe3 Bh5
13. Qh3 g6 14. dxe6 fxe6 15. Qxe6+ Be7 16. Qe5 Rf8 17. Bh6 Rf7 18. Qh8+ $16 {
1-0 Crouch,C-Sadler,M/Hastings 1992/CBM 33 (31)}) 12. Qe3 (12. a4 a6 13. e5 Qd7
14. e6 fxe6 15. Bh3 Nxd5 16. Rg3 Nxc3 17. Qxd7+ Kxd7 18. Rxf3 Ne4 $19 {0-1
Crouch,C-Sadler,M/Cappelle la Grande 1993/TD (33)}) 12... Bh5 13. Bd2 (13. f4
e6 14. Rg5 g6 15. Qd4 Rg8 16. Bxc4 h6 17. Re5 O-O-O 18. Be3 Bg7 $17 {0-1
Crouch,C-Duncan,C/Hampstead 1998/CBM 63 ext (22)}) 13... e5 (13... Qxh2 14. Rg3
Bg6 (14... Qh4 15. Rh3 Qg4 16. f3 Qg6 17. Ne2 $1 $18) 15. Nb5 O-O-O 16. Nxa7+
Kb8 17. Nb5 $40) 14. dxe6 fxe6 (14... Qxe6 15. Nb5 (15. Rg5 g6 16. Bh3 Qd6 17.
Nd5 (17. Nb5 Qxh2 18. Bc3 f6 $13) 17... Bg7 (17... Nxd5 18. Rxd5 Qxh2 19. Bd7+
$1 Ke7 20. Bb4+ $18) 18. Bc3 f6 (18... O-O 19. Rxh5 gxh5)) 15... Qe7 (15... Qc6
16. Rg5 $1 Bg6 17. Re5+ Kd8 18. O-O-O $40) 16. Bh3 (16. Rg5 Bg6 (16... g6 17.
Qf4 O-O-O 18. Re5 Qd7 (18... g5 19. Rxe7 gxf4 20. Rxc7+ Kb8 21. Bxf4 Bb4+ 22.
Nc3 Ka8 23. Be2 Bxc3+ 24. bxc3 Bxe2 25. Kxe2 Rhe8 26. Be3 Rxe4 27. Rd1 $14) 19.
Bh3 Qxh3 20. Re7 $1 $18)) 16... Rd8 17. Rg5 g6 (17... Bg6 18. Qf4) 18. Qf4 Bh6
19. Nxc7+ Kf8 20. Ne6+ Kg8 21. Nxd8 Qxd8 22. Qh4 f6 23. Rd5 Nxd5 24. Bxh6 $40)
15. Qg5 Bg6 16. Nb5 Qd7 17. Bh3 a6 18. Nc3 Be7 $6 (18... Bd6 19. f4 O-O 20.
O-O-O Rae8 $13) 19. Qe5 Bd6 (19... Rd8 20. O-O-O Bd6 21. Qxe6+ Qxe6 22. Bxe6
Bxh2 23. Rg2 Be5 24. f4 Bd4 $17) 20. Qxe6+ Qxe6 21. Bxe6 Bxh2 22. Rg2 Bd6 (
22... Be5 $142 23. f4 Bd4 $13) 23. f4 Bf7 24. Bh3 $44 O-O 25. Be3 Bh5 $2 (25...
Rae8 26. O-O-O (26. Bd4 g6 27. e5 Be6 $17) 26... Bh5 27. Rxd6 cxd6 28. Bxb6
Rxf4 $13) 26. Bd4 $1 Rxf4 27. Rxg7+ Kf8 28. Rxh7 Bg6 $2 (28... Rh4 $1 29. Rh8+
(29. Bg2 Re8 $15) 29... Kf7 30. Rh7+ $11) 29. Rh6 Kf7 (29... c5 30. Rxg6 cxd4
31. Rxd6 dxc3 32. Rxb6 Rxe4+ 33. Kf2 cxb2 34. Rxb2 Re7 35. Bg2 $16) 30. Be6+ $1
Kxe6 31. Rxg6+ Kf7 (31... Kd7 32. Bxb6 cxb6 33. O-O-O $18) (31... Ke7 32. Bxb6
cxb6 33. Nd5+ $18) 32. Rxd6 $1 cxd6 33. Bxb6 $16 Rg8 34. O-O-O Rg6 35. a4 Rh4
36. Rf1+ Ke6 37. Rf2 Rh1+ 38. Kc2 Rgh6 39. b3 $1 cxb3+ (39... R6h2 40. bxc4
Rxf2+ 41. Bxf2 Rh2 42. Nd1 Ke5 43. Kd3 $16) 40. Kxb3 R6h3 (40... Rf6 $142 41.
Rg2 Rf3 42. Bd4 $16) 41. a5 Rc1 42. Bd4 Ra1 43. Kb4 Re1 (43... Rh7 $142 44.
Rf6+ Kd7 45. Nd5 $16) 44. Rf6+ Kd7 45. Rf7+ Ke6 (45... Kc8 46. Nd5 Rb1+ 47. Ka4
Rg3 (47... Rh4 48. Rc7+ Kb8 49. Re7 Kc8 50. Re8+ Kd7 51. Nf6+ Kc7 52. Bb6+ Rxb6
53. Nd5+ Kd7 54. Re7+ $1 $18) 48. Nf6 $1 Rgb3 49. Rf8+ Kc7 50. Bb6+ Rxb6 51.
Nd5+ $1 $18) 46. Rxb7 Rd3 47. Kc4 Rd2 48. Rb6 Ra1 49. Rxa6 Ra3 50. e5 Kf5 51.
exd6 Ke6 52. Bc5 Ra1 53. Ra7 Rh1 54. Re7+ Kf5 55. Bd4 Rh6 56. Re5+ Kf4 57. Rd5
1-0

[Event "Malmo Masters 1st"]
[Site "Malmo"]
[Date "2003.07.31"]
[Round "4"]
[White "Hellsten, Johan"]
[Black "Sebag, Marie"]
[Result "1-0"]
[WhiteElo "2511"]
[BlackElo "2432"]
[Annotator "Huzman,A"]
[PlyCount "109"]
[EventDate "2003.07.28"]
[EventType "tourn"]
[EventRounds "9"]
[EventCountry "SWE"]
[EventCategory "9"]
[SourceTitle "CBM 097"]
[Source "ChessBase"]
[SourceDate "2003.11.11"]
[SourceVersion "1"]
[SourceVersionDate "2003.11.11"]
[SourceQuality "1"]

1. d4 d5 2. c4 c6 3. Nf3 Nf6 4. Qb3 dxc4 5. Qxc4 Bf5 6. g3 e6 7. Bg2 Be7 8. O-O
O-O 9. Rd1 Nbd7 10. e3 (10. Bf4 Qb6 11. Rd2 Ne4 12. Rc2 Rfe8 13. Na3 e5 14.
Nxe5 Nxe5 15. Bxe5 Bxa3 16. bxa3 Rxe5 $17 {1/2-1/2 Lutz,C-Odendahl,R/Germany
1987/EXT 97-B (43)}) 10... Ne4 11. Qe2 (11. Nc3 Nxc3 12. bxc3 Be4 13. Qe2 b5
14. Ne1 Bxg2 15. Nxg2 Qa5 16. Bd2 Qa4 17. e4 c5 18. Be3 Rac8 $132 {1/2-1/2
Franco Ocampos,Z-Filgueira,H/Buenos Aires ARG 2003/(41)}) 11... Qa5 (11... Rc8
$5 12. Nbd2 Nxd2 13. Nxd2 Bc2 $5 14. Re1 Bg6 {[%cal Ye6e5]} 15. e4 c5 $132) 12.
Nbd2 Rfd8 13. Nh4 $1 {This move is a typical way to fight for advantage in
this variant.} Bxh4 14. Nxe4 Be7 ({It was better for Black to exchange Bf5
because later bad position of it would be the biggest problem of Black.} 14...
Bxe4 $5 15. Bxe4 Be7 16. Bd2 Qb6 $14) 15. Nc3 Nf6 16. Bd2 (16. e4 $5 Bg4 17. f3
Bh5 18. Be3 $14) 16... Qb6 17. Be1 Bg6 18. Rac1 {[%cal Gc3a4,Ga4c5]} Qc7 19. f3
Rac8 (19... e5 20. d5 (20. dxe5 Qxe5 21. e4 Qe6 22. Bf2 $14) 20... Qb6 21. dxc6
Rxd1 22. Rxd1 Qxc6 23. e4 $14) 20. Bf2 c5 $5 {[%cal Gc1c7]} (20... Nd5 21. e4
Nxc3 22. bxc3 c5 $14) 21. dxc5 (21. e4 $5 $14) 21... Rxd1+ (21... Qxc5 22. Nd5
Qxd5 23. Rxc8 Rxc8 24. Rxd5 Nxd5 25. e4 $16) 22. Nxd1 b6 (22... a5 23. e4 Nd7
24. a3 a4 25. c6 Qa5 (25... bxc6 26. Qa6 $16) 26. f4 $1 bxc6 (26... Rxc6 27.
Rxc6 bxc6 28. f5 $1 $16) 27. f5 Bg5 28. Rc2 exf5 29. h4 $1 Bf6 30. h5 $18) 23.
c6 Bc5 24. a3 a5 25. Qb5 Qd6 26. Qa6 Qd8 27. b4 axb4 (27... Bd3 $1 28. Qb7 (28.
b5 $2 Rxc6) 28... axb4 29. axb4 Bxb4 30. e4 (30. c7 Qd7 31. Qxb6 Ba3 32. Ra1
Bd6 $11) (30. Nb2 Bb5 31. c7 Qd7 32. e4 Ba3 33. Rd1 Qxc7 34. Qxc7 Rxc7 35. Bxb6
$11) 30... Bb5 31. Bxb6 Bxc6 $11) 28. axb4 Bxb4 29. e4 $1 $16 Nd7 (29... Bc5
30. Bxc5 bxc5 31. Ne3 Rc7 32. Qb5 $16) 30. Qd3 $1 Nc5 (30... Be7 31. f4 Nc5 32.
Qxd8+ Rxd8 33. Nb2 $1 $16) 31. Qxd8+ Rxd8 32. Bf1 (32. c7 $1 Rc8 (32... Rf8 33.
Nb2 $1 Rc8 34. Rd1 $18) 33. Rb1 Ba3 (33... Ba5 34. Bxc5 bxc5 35. Rb8 $18) 34.
Rxb6 $18) 32... Rc8 (32... f5 33. Rb1 $1 Ba5 34. c7 Re8 35. Bc4 Bf7 36. exf5
exf5 37. Bxc5 Bxc4 (37... bxc5 38. Rb8 $18) 38. Bxb6 Bxb6+ 39. Rxb6 Kf7 40. Ne3
Be6 41. Rb8 Rc8 42. Nd5 $18) 33. Rb1 Ba5 34. Bxc5 $1 bxc5 35. Ba6 Ra8 (35...
Rd8 36. Ne3 $18 {[%cal Ge3c4]}) 36. Bb7 Rd8 37. Ra1 $18 Bc7 (37... Bb6 38. Nc3
c4+ 39. Kf1 f5 40. Ra6 Bc7 41. Nb5 $18) 38. Nc3 Be5 39. Ra8 $1 Rxa8 40. Bxa8
Kf8 41. Nb5 c4 42. Kf1 $1 Ke7 43. f4 Bb8 (43... Bd6 44. c7 Kd7 45. Nxd6 $18)
44. c7 Bxc7 45. Nxc7 Kd6 46. Na6 f6 47. Ke2 Be8 48. Kd2 Bb5 49. Nb4 Kc5 50. Kc3
Kb6 51. e5 fxe5 52. fxe5 Kc5 53. Bf3 Bd7 54. Be2 Bb5 55. Bf1 1-0